000 00494nam a2200181Ia 4500
008 220216s9999 xx 000 0 und d
100 _aRagot M
245 0 _aMolecular markers for plant breeding: Comparison of RFLP and RAPD genotyping costs
260 _bTheoretical and Applied Genetics
_c1993
300 _a975-984
650 _aChemiluminescence
650 _aGenotyping costs
650 _aRAPD
650 _aRFLP
650 _aZea mays
700 _aHoisington D A
942 _cJS
999 _c63204
_d63204